000 00373nam a2200145Ia 4500
008 230711s9999||||xx |||||||||||||| ||und||
041 _aENG
082 _a621
_bMA-E
100 _aMaini,A.K
245 0 _aElectronics and telecommunication simplified
250 _a4th Ed.
260 _c1989
_aNew Delhi
_bKhanna Publishers
650 _aElectronics Engineering
942 _cBK
999 _c1272
_d1272